Los 10 departamentos más grandes de Colombia - Estadísticas

Estadísticas generales
  • Esta prueba ha sido intentada 41 veces
  • La puntuación promedio es 9 de 10
Estadísticas de respuestas
Superficie Departamento % Correcto
109.665 km² Amazonas
97%
63.612 km² Antioquia
97%
82.805 km² Meta
89%
88.965 km² Caquetá
86%
54.135 km² Vaupes
86%
100.242 km² Vichada
86%
44.640 km² Casanare
83%
53.460 km² Guaviare
78%
72.238 km² Guainía
75%
46.530 km² Chocó
72%
No se encontraron pruebas coincidentes
Distribución de puntuación
Porcentaje de gente con cada puntuación
Porcentaje por número respondido
Historial de tus puntuaciones
No has intentado esta prueba.